The language of construction (Record no. 101064)

MARC details
000 -LEADER
fixed length control field 00579cam a2200205 4500
001 - CONTROL NUMBER
control field J110166
008 - FIXED-LENGTH DATA ELEMENTS--GENERAL INFORMATION
fixed length control field 000000n2000 000 0 eng u
035 ## - SYSTEM CONTROL NUMBER
System control number (Sirsi) u110166
050 ## - LIBRARY OF CONGRESS CALL NUMBER
Classification number 690.03
110 ## - MAIN ENTRY--CORPORATE NAME
Corporate name or jurisdiction name as entry element D. J. Freeman
9 (RLIN) 794
245 #4 - TITLE STATEMENT
Title The language of construction
260 ## - PUBLICATION, DISTRIBUTION, ETC.
Place of publication, distribution, etc. London
Name of publisher, distributor, etc. D J Freeman
Date of publication, distribution, etc. 2000
300 ## - PHYSICAL DESCRIPTION
Extent 50p. ; 21cm.
520 ## - SUMMARY, ETC.
Summary, etc. A dictionary of common terms used in the Construction industry.
650 ## - SUBJECT ADDED ENTRY--TOPICAL TERM
Topical term or geographic name entry element DEFINITIONS
650 ## - SUBJECT ADDED ENTRY--TOPICAL TERM
Topical term or geographic name entry element DICTIONARIES
650 ## - SUBJECT ADDED ENTRY--TOPICAL TERM
Topical term or geographic name entry element TERMS
690 ## - LOCAL SUBJECT ADDED ENTRY--TOPICAL TERM (OCLC, RLIN)
Topical term or geographic name as entry element BUILDING AND CONSTRUCTION-HANDBOOKS AND REFERENCE
942 ## - ADDED ENTRY ELEMENTS (KOHA)
Suppress in OPAC 0
Holdings
Withdrawn status Lost status Source of classification or shelving scheme Damaged status Not for loan Home library Current library Shelving location Date acquired Total Checkouts Full call number Barcode Date last seen Copy number Price effective from Koha item type
    Dewey Decimal Classification     London London Books 05/01/2001   690.03 30063200 06/08/2019 1 06/08/2019 Reference material